Quiz Anime Personnages aux Cheveux Roses - Statistiques

Statistiques générales
  • Ce quiz a été pris 117 fois
  • Le résultat moyen est 8 sur 16
Statistiques - réponses
Par images Réponse % Correct
Sakura
98%
Natsu
92%
Anya
79%
Yuji
73%
Mitsuri
64%
Mina
59%
Saiki
55%
Zéro
55%
Shirahoshi
49%
Mei
44%
Reiju
36%
Szayel
17%
Mélascula
13%
Hibana
11%
Meredy
8%
Shinomiya
7%
Aucun quiz correspondant
Distribution des résultats
% des personnes avec chaque résultat
Percentile par nombre de réponses
Votre historique - résultats
Vous n’avez pas pris ce quiz